| 000 | 00714cam a2200229 a 4500 | ||
|---|---|---|---|
| 001 | 4378369 | ||
| 005 | 20180201095315.0 | ||
| 008 | 910506s1992 gaua b 000 0 eng | ||
| 010 | _a 91018373 | ||
| 020 |
_a1561450251 : _c$18.95 |
||
| 040 |
_aDLC _cDLC _dDLC |
||
| 041 | _aeng | ||
| 080 | _a155.41369 ste | ||
| 082 | 0 | 0 |
_a155.41369 ste _220 |
| 100 | 1 | _aNowicki, Stephen. | |
| 101 | _a49 | ||
| 245 | 1 | 0 | _aHelping the child who doesn't fit in. |
| 504 | _aIncludes bibliographical references (p. 167-168). | ||
| 906 |
_a7 _bcbc _corignew _d1 _eocip _f19 _gy-gencatlg |
||
| 942 |
_2ddc _cBK |
||
| 999 |
_c41569 _d41569 |
||